Rainwater harvesting and reuse from green roofs
Saved in:
| Main Author: | |
|---|---|
| Other Authors: | |
| Format: | Manuscript Book |
| Language: | Slovak English |
| Published: |
2022
|
| Subjects: | |
| Online Access: | http://is.stuba.sk/zp/portal_zp.pl?podrobnosti=166076 https://opac.crzp.sk/?fn=detailBiblioForm&sid=2990E1F3D3E255467A843759E9F3 |
| Tags: |
No Tags, Be the first to tag this record!
|
MARC
| LEADER | 00000ntm a22000003a 4500 | ||
|---|---|---|---|
| 001 | stuzp90957 | ||
| 003 | SK-STU | ||
| 005 | 20230503140957.9 | ||
| 007 | ta | ||
| 008 | 150427s2015----xo-----f-mn---000-0-slo-d | ||
| 040 | |a STU |b slo | ||
| 041 | 0 | |a eng | |
| 100 | 1 | |a Charalampidou, Eleni |u 010280 |4 aut |U SvF Stavebná fakulta |T SvF Katedra zdravotného inžinierstva |X 112697 |U V280 |Y 29 |7 112697 | |
| 242 | 0 | 1 | |a Zachytávanie a opätovné využitie dažďovej vody zo zelených striech |y slo |
| 245 | 1 | 0 | |a Rainwater harvesting and reuse from green roofs |
| 260 | |c 2022 | ||
| 650 | 4 | |a zachytávanie dažďovej vody |2 slo | |
| 650 | 4 | |a hospodárenie s dažďovou vodou |2 slo | |
| 650 | 4 | |a zelené strechy |2 slo | |
| 650 | 4 | |a rainwater harvesting |2 eng | |
| 650 | 4 | |a storm water management |2 eng | |
| 650 | 4 | |a benefits |2 eng | |
| 650 | 4 | |a layers |2 eng | |
| 650 | 4 | |a vegetated roofs |2 eng | |
| 700 | 1 | |a Stanko, Štefan |u 010280 |k Z1 |4 ths |U SvF Stavebná fakulta |T SvF Katedra zdravotného inžinierstva |X 2740 |U V280 |Y 29 |7 A000002740 | |
| 856 | 4 | |u http://is.stuba.sk/zp/portal_zp.pl?podrobnosti=166076 | |
| 856 | 4 | |u https://opac.crzp.sk/?fn=detailBiblioForm&sid=2990E1F3D3E255467A843759E9F3 | |